<?xml version="1.0" encoding="UTF-8"?>
<record
    xmlns:xsi="http://www.w3.org/2001/XMLSchema-instance"
    xsi:schemaLocation="http://www.loc.gov/MARC21/slim http://www.loc.gov/standards/marcxml/schema/MARC21slim.xsd"
    xmlns="http://www.loc.gov/MARC21/slim">

  <leader>02001nam a22003017a 4500</leader>
  <controlfield tag="003">OSt</controlfield>
  <controlfield tag="005">20250910143529.0</controlfield>
  <controlfield tag="008">250910b        |||||||| |||| 00| 0 eng d</controlfield>
  <datafield tag="022" ind1=" " ind2=" ">
    <subfield code="a">1547-7185</subfield>
  </datafield>
  <datafield tag="022" ind1=" " ind2=" ">
    <subfield code="a">0022-2429</subfield>
  </datafield>
  <datafield tag="040" ind1=" " ind2=" ">
    <subfield code="a">English</subfield>
    <subfield code="c">tbs</subfield>
  </datafield>
  <datafield tag="041" ind1=" " ind2=" ">
    <subfield code="a">English</subfield>
  </datafield>
  <datafield tag="245" ind1=" " ind2=" ">
    <subfield code="a">Signaling Status with Luxury Goods: The Role of Brand Prominence</subfield>
    <subfield code="c">/ Jee Han Y., Nunes J.,Dreze X.</subfield>
  </datafield>
  <datafield tag="260" ind1=" " ind2=" ">
    <subfield code="b">Journal of Marketing</subfield>
    <subfield code="c">2010</subfield>
  </datafield>
  <datafield tag="362" ind1=" " ind2=" ">
    <subfield code="a">Journal of Consumer Psychology, vol 16, 57-69, 2006</subfield>
  </datafield>
  <datafield tag="520" ind1=" " ind2=" ">
    <subfield code="a">This research introduces "brand prominence," a construct reflecting the conspicuousness of a brand's mark or logo on a product. The authors propose a taxonomy that assigns consumers to one of four groups according to their wealth and need for status, and they demonstrate how each group's preference for conspicuously or inconspicuously branded luxury goods corresponds predictably with their desire to associate or dissociate with members of their own and other groups. Wealthy consumers low in need for status want to associate with their own kind and pay a premium for quiet goods only they can recognize. Wealthy consumers high in need for status use loud luxury goods to signal to the less affluent that they are not one of them. Those who are high in need for status but cannot afford true luxury use loud counterfeits to emulate those they recognize to be wealthy. Field experiments along with analysis of market data (including counterfeits) support the proposed model of status signaling using brand prominence.</subfield>
  </datafield>
  <datafield tag="650" ind1=" " ind2="0">
    <subfield code="a">Conspicuous consumption </subfield>
    <subfield code="9">25850</subfield>
  </datafield>
  <datafield tag="650" ind1=" " ind2="0">
    <subfield code="a">Handbags</subfield>
  </datafield>
  <datafield tag="650" ind1=" " ind2="0">
    <subfield code="a">Luxuries</subfield>
    <subfield code="9">10795</subfield>
  </datafield>
  <datafield tag="650" ind1=" " ind2="0">
    <subfield code="a">Shoes</subfield>
    <subfield code="9">25852</subfield>
  </datafield>
  <datafield tag="650" ind1=" " ind2="0">
    <subfield code="a">Proletariat </subfield>
    <subfield code="9">25851</subfield>
  </datafield>
  <datafield tag="650" ind1=" " ind2="0">
    <subfield code="a">Marketing</subfield>
    <subfield code="9">1020</subfield>
  </datafield>
  <datafield tag="700" ind1=" " ind2=" ">
    <subfield code="a">Han, Young Jee </subfield>
    <subfield code="9">25853</subfield>
  </datafield>
  <datafield tag="700" ind1=" " ind2=" ">
    <subfield code="a">Nunes, Joseph C. </subfield>
    <subfield code="9">25854</subfield>
  </datafield>
  <datafield tag="700" ind1=" " ind2=" ">
    <subfield code="a">Dr&#xE8;ze, Xavier</subfield>
    <subfield code="9">25855</subfield>
  </datafield>
  <datafield tag="856" ind1=" " ind2=" ">
    <subfield code="u">https://bibliotheque.tbs-education.fr/Default/doc/bth/51168738/signaling-status-with-luxury-goods-the-role-of-brand-prominence</subfield>
  </datafield>
  <datafield tag="942" ind1=" " ind2=" ">
    <subfield code="2">lcc</subfield>
  </datafield>
  <datafield tag="952" ind1=" " ind2=" ">
    <subfield code="0">0</subfield>
    <subfield code="1">0</subfield>
    <subfield code="2">lcc</subfield>
    <subfield code="4">0</subfield>
    <subfield code="7">0</subfield>
    <subfield code="a">TBS</subfield>
    <subfield code="b">TBS</subfield>
    <subfield code="d">2025-09-10</subfield>
    <subfield code="l">0</subfield>
    <subfield code="p">4930</subfield>
    <subfield code="r">2025-09-10</subfield>
    <subfield code="u">https://bibliotheque.tbs-education.fr/Default/doc/bth/51168738/signaling-status-with-luxury-goods-the-role-of-brand-prominence</subfield>
    <subfield code="w">2025-09-10</subfield>
    <subfield code="y">18</subfield>
    <subfield code="z">Journal of marketing, 2010-07, Vol.74 (4), p.15-30</subfield>
  </datafield>
  <datafield tag="999" ind1=" " ind2=" ">
    <subfield code="c">4930</subfield>
    <subfield code="d">4930</subfield>
  </datafield>
</record>
